000 00784nam a22002297a 4500
999 _c10050
_d10050
003 GBCCL
005 20241126110724.0
008 240216b ||||| |||| 00| 0 eng d
020 _a9788184650235,
020 _a818465023X
040 _cGBC
082 _a221.6
_bFAC
100 _aFachhai, Laiu
_917452
245 _aThe land must be distributed equally :
_bthe promise and covenant aspects of land in the Old Testament /
_cLaiu Fachhai
260 _aDelhi,
_bISPCK,
_c2009
300 _a249 pages :
_billustrations, maps ;
_c 22 cm
650 _aBible.
_vOld Testament
_96826
650 _a Bible.
_vOld Testament
_xCriticism, interpretation, etc
_911525
650 _aCovenants
_vReligious aspects
_xJudaism
_917453
650 _aLand settlement
_917454
942 _2ddc
_cBK